| 000 | 00504nam a22001577a 4500 | ||
|---|---|---|---|
| 008 | 160804b xxu||||| |||| 00| 0 eng d | ||
| 020 | _a0727715178 | ||
| 050 | _aHD 58.6.S36 1990 | ||
| 100 |
_aScott, Bill. _d1990 |
||
| 245 |
_aNegotiating skills in engineering and construction / _cBill Scott and Bertil Billing |
||
| 260 |
_aLondon; _bThomas Telford, _c1990. |
||
| 300 | _a223 p. : | ||
| 650 | _aEngineering. | ||
| 700 | _aBilling, Bertil . | ||
| 942 |
_2lcc _cBOOKS _hHD 58.6.S36 1990 |
||
| 999 |
_c12514 _d12514 |
||